000 00973nas a2200289 4500
001 BR8801109
003 BR-BrBNA
005 20231205091043.0
007 ta
008 230509b bl.|||p| |||| 00| 00por d
040 _aBR-BrBNA
_bpor
_cBiblioteca Nacional de Agricultura
041 _a(Pt)
072 _aF04
100 1 _aSanzonowicz, C.
100 1 _aLobato, E.
100 1 _aGoedert, W.J.
111 1 _a20. Congresso Brasileiro de Ciencia do Solo
_cBelem, PA (Brazil)
_dJun 1985
245 1 _aEfeito residual da calagem de fontes de fosforo numa pastagem estabelecida em solo de cerrado
246 1 _aResidual effects of lime and phosphorus sources in pastures on cerrado soil
650 _aCALAGEM
650 _aFOSFORO
650 _aPASTAGEM
650 _aCERRADO
773 0 _tPesquisa Agropecuaria Brasileira (Brazil)
_xISSN 0100-204X
_g(Mar 1987), v. 22(3) p. 233-243
_wBR8801109
909 _a202311
_bLúcia
_c55
_dLúcia Elande
942 _2AGRIS
_n0
_cANA
999 _c122442
_d122442